000 01647nam a22002177a 4500
003 OSt
005 20210715112915.0
008 160803b xxu||||| |||| 00| 0 eng d
020 _a0201419645
040 _cLC
050 _aHF5635.M11
100 _aMarfo-Yiadom, Edward.
245 _aFinancial accounting and reporting: an Introduction. /
_cEdward Marfo-Yiadom, Stephen Asante and George Tackie.
260 _aAccra:
_bKwadwoan Publishing,
_c2015.
300 _avi, 644p.:
_bill.;
_c28cm.
500 _aIncludes glossary.
505 _aContents: Nature, scope and functions of accounting -- Conceptual and regulatory framework of accounting -- Accounting concepts and conventions, Documents used in business -- Books of prime entry -- The accounting equation -- The theory of double entry -- Summarising accounts and extraction of the trial balance -- Correction of errors and suspense account -- Accounting for value added tax (Vat) -- Bank reconciliation statement -- Non-current assets and depreciation -- Provisions, reserves and bad debts -- Prepayments and accruals -- Accounts of a sole proprietorship -- Control accounts -- Accounts of manufacturing firms -- Single entry and incomplete records -- Accounting for non-profit making organisations -- Nature and formation of limited liability companies -- Capital of limited liability companies -- Final accounts of limited liability companies -- Departmental and branch accounts -- Interpretation of accounts -- Statement of cash flow -- Public sector accounting -- Information technology in accounting.
700 _aAsante, Stephen
700 _aTackie, George.
942 _2lcc
_cBK
999 _c5972
_d13472